000 00961cam a22003014a 4500
001 15295101
005 20171214040159.0
008 080507s2009 njua b 001 0 eng
010 _a 2008020982
016 7 _a101473397
_2DNLM
020 _a9780135138663
020 _a0135138663
035 _a(OCoLC)228114866
035 _a(OCoLC)ocn228114866
040 _aDNLM/DLC
_cDLC
_dNLM
_dBAKER
_dBTCTA
_dC#P
_dYDXCP
_dCDX
_dDLC
041 _aeng
042 _apcc
060 0 0 _aWY 100.4
_bM983h 2009
080 _a613 MUR
082 0 0 _a613 MUR
_222
100 _a4
101 _aSHM
245 0 0 _aHealth promotion strategies through the life span /
_c[edited by] Ruth Beckmann Murray, Judith Proctor Zentner, Richard Yakimo.
504 _aIncludes bibliographical references and index.
906 _a7
_bcbc
_corignew
_d1
_eecip
_f20
_gy-gencatlg
942 _2ddc
_cBK
999 _c38893
_d38893